01081nem a2200313 4500001001200000003000800012006001900020007001500039008004100054034000600095040002100101035002100122050002400143050002300167052000900190245003600199246006100235255001800296260003200314300003000346533015200376651001900528651001300547655002900560710002000589710001700609856012600626999001500752ebr10002414CaPaEBRm u cr cn|||||||||101210s1999 xx s a s 0 eng d0 aa aCaPaEBRcCaPaEBR a(OCoLC)70452132714aDT2557b.L47 1999eb14aG8580 1999b.L47eb a858000aLesothoh[electronic resource].3 iTitle from title screen:aPolitical map, Africa, Lesotho aScale varies. a[S.l.] :bMaps.com,cc1999. a1 online resource (1 map) aElectronic reproduction.bPalo Alto, Calif. :cebrary,d2011.nAvailable via World Wide Web.nAccess may be limited to ebrary affiliated libraries. 0aLesothovMaps. 0aLesotho. 7aElectronic books.2local2 aMaps.com (Firm)2 aebrary, Inc.40uhttp://site.ebrary.com/lib/rucke/Doc?id=10002414zAn electronic book accessible through the World Wide Web; click to view c4917d4917